| 000 | 00495nam a22001937a 4500 | ||
|---|---|---|---|
| 003 | MPLRDC | ||
| 005 | 20220104185616.0 | ||
| 008 | 210129b ||||| |||| 00| 0 eng d | ||
| 020 | _a7-222-06304-4 | ||
| 082 | _a857.75 BJJY | ||
| 100 | _a北京金鹰 | ||
| 245 |
_a推磨坊 _c |
||
| 250 | _a一版一刷 | ||
| 260 |
_a中国 _b云南人民出版社 _c2010 |
||
| 300 | _b平 | ||
| 520 | _a2019-04-10 破损--pg.封面。 | ||
| 650 | _a中国当代长篇小说 | ||
| 942 |
_cBK _o857.75 BJJY |
||
| 999 |
_c63406 _d63396 |
||